kannada letters - Statistics

General Stats
  • This quiz has been taken 18 times
  • The average score is 6 of 8
Answer Stats
Hint Answer % Correct
naum ನೌಂ
93%
jñā ಜ್ಞಾ
86%
dhau ಧೌ
79%
thyā ಥ್ಯಾ
79%
vrō ವ್ರೋ
79%
SR ಷೃ
71%
ñai ಞೈ
71%
Nam ಣಂ
57%
No matching quizzes found
Score Distribution
Percent of People with Each Score
Percentile by Number Answered
Your Score History
You have not taken this quiz